Die größten deutschen Städte im Jahr 1700 - Statistiken

Allgemein
  • Dieses Quiz wurde 227 mal gespielt
  • Das Durchschnittsergebnis liegt bei 14 aus 20
Antwortstatistiken
# Einwohnerzahl Stadt % Korrekt
12 30.000 Berlin
98%
2 70.000 Hamburg
97%
16 24.000 München
95%
8 39.000 Köln
94%
13 28.000 Frankfurt am Main
85%
18 22.000 Dresden
84%
11 35.000 Nürnberg
83%
1 114.000 Wien
83%
14 27.000 Bremen
82%
15 26.000 Augsburg
76%
9 39.000 Prag
73%
17 23.000 Lübeck
69%
7 40.000 Breslau
66%
20 20.000 Regensburg
64%
19 20.000 Mainz
57%
4 65.000 Brüssel
48%
3 66.000 Antwerpen
44%
5 52.000 Gent
40%
6 45.000 Lüttich
38%
10 36.000 Brügge
37%
Keine übereinstimmenden Quizze gefunden
Verteilung der Resultate
Anzahl Personen mit jedem Resultat
Perzentil nach korrekt beantworteten Fragen
Ihre Resultats-Entwicklung
Sie haben dieses Quiz noch nicht gespielt